[Event "ZN-2014-0-02876"]
[Site "LSS email"]
[Date "2014.11.22"]
[Round "?"]
[White "Meza, Juan Diego"]
[Black "Ducharme, Steven"]
[Result "1-0"]
[WhiteElo "1070"]
[BlackElo "798"]
[PlyCount "28"]
[EventDate "2014.11.16"]
[EventType "match (corr)"]
[EventRounds "2"]
[EventCountry "GER"]
[SourceTitle "Corr 2015"]
[Source "ChessBase"]
[SourceDate "2015.07.17"]
[SourceVersion "1"]
[SourceVersionDate "2015.07.17"]
[SourceQuality "1"]

1. e4 d6 2. d4 a6 3. Nf3 Nf6 4. Nc3 g6 5. Bc4 Bg7 6. 0-0 e6 7. Qe2 0-0 8. e5 Ng4 9. h3 Nh6 10. Bg5 Qe8 11. Qd2 Nf5 12. g4 Ne7 13. Ne4 d5 14. Nf6+ Bxf6 1-0